000 00699nam a2200241 i 4500
001 10497
003 ES-MaACL
005 20251122063104.0
007 t|
008 950727s1994 sp ||||1| spa d
020 _a84-322-0698-9
080 _a86.0(82)-4"19"
080 _a86.0(82)(Borges,J.L.7 T.01)
100 1 _aBorges, Jorge Luis,
_d1899-1986
_9242526
245 1 3 _aEl Tamaño de mi esperanza /
_cJorge Luis Borges.
250 _a1ª ed.
260 _aBarcelona :
_bSeix Barral,
_c1994.
300 _a137 p. ;
_c20 cm.
490 1 _aBiblioteca breve
830 0 _aBiblioteca breve (Seix Barral)
_9227188
852 _aES-MaACL
_jL-17901
_bR.123040
999 _c10497
_d10497